[Event "RC-2016-0-00188"]
[Site "LSS email"]
[Date "2016.05.17"]
[Round "?"]
[White "Velasco, Jose"]
[Black "Bektas, Ugur"]
[Result "1-0"]
[WhiteElo "1825"]
[BlackElo "1600"]
[PlyCount "29"]
[EventDate "2016.03.02"]
[EventType "tourn (corr)"]
[EventRounds "6"]
[EventCountry "GER"]
[SourceTitle "Corr 2022"]
[Source "ChessBase"]
[SourceDate "2021.10.24"]
[SourceVersion "1"]
[SourceVersionDate "2021.10.24"]
[SourceQuality "1"]

1. d4 Nf6 2. c4 e6 3. Nf3 b6 4. g3 Ba6 5. b3 Bb4+ 6. Bd2 Be7 7. Bg2 d5 8. cxd5 exd5 9. Nc3 0-0 10. 0-0 Bb7 11. Qc2 a6 12. Rfd1 Nbd7 13. Ne5 Re8 14. Qf5 c6 15. e4 1-0